Academic writing: at the interface of corpus and discourse
Saved in:
| Main Authors: | , , |
|---|---|
| Format: | Bog |
| Sprog: | engelsk |
| Udgivet: |
Londres
Continuum
2009
|
| Fag: | |
| Tags: |
Tilføj Tag
Ingen Tags, Vær først til at tagge denne postø!
|
MARC
| LEADER | 00000cam a2200000 a 4500 | ||
|---|---|---|---|
| 001 | UCG2864 | ||
| 003 | CL-VaPUC | ||
| 008 | 100729e20090000uk |||||||||||||||||eng|d | ||
| 020 | |a 9781847064363 | ||
| 082 | 0 | 4 | |a 808.02 |b CHA |2 21 |
| 100 | 0 | |a Charles, Maggie |e author |9 551520 | |
| 700 | 0 | |a Pecorari, Diane |e author |9 551521 | |
| 700 | |a Hunston, Susan |e author |9 551522 | ||
| 245 | 1 | 0 | |a Academic writing: at the interface of corpus and discourse |
| 300 | |a 303 p | ||
| 942 | |c BK | ||
| 945 | |d 20100729 00:00:00 |a mfarfan | ||
| 260 | |a Londres |b Continuum |c 2009 | ||
| 650 | 0 | |a Análisis del discurso |9 256696 | |
| 650 | 0 | |a Lingüística |9 265068 | |
| 583 | |a last modification |c 20140813 03:55:17 |k Rodrigo Vera | ||
| 999 | |c 341981 |d 341979 | ||
| 952 | |0 0 |1 0 |4 0 |6 808_020000000000000_CHA_2009 |7 0 |8 A |9 437887 |a FDOPOS |b BIBEDU |d 2019-11-22 |i 4696506 |l 1 |o 808.02 CHA 2009 |p 4696506 |r 2025-01-22 |s 2022-04-11 |w 2019-11-22 |y BK |k DLA | ||